1379 1947 1921 1345 1404 1028 1502 1901 1197 1011 1855 1074 1751 1504 1765 1015 1306 1721 1305 1821 1172 1807 1029 1648 1574 1674 1622 1133 1465 1687 1949 1374 1665 1481 1161 1680 1151 1008 1193 1408 1315 1196 1829 1311 1967 1524 1700 1169 1993 1334 1953 1488 1500 1285 1153 1460 1775 1406 1987 1898 1715 1869 1319 1779 1689 1465 1126 1746 1451 1318 1724 1073 1436 1102 1196 1375 1421 1325 1282 1051 1216 1612 1470 1968 1387 1526 1065 1610 1078 1924 1713 1186 1543 1875 1615 1795 1443 1172 1764 BCNSPRNW ULIB Ver.6.0+V

เปลี่ยนเป็นภาษาไทย

Change to English
 แสดงรายละเอียดบรรณานุกรม
  กลับหน้าหลัก

Brief Record : Get Marc (ISO 2709) : E-mail record : QR code < ปิดหน้าต่าง
LEADER : 00000nam 2200000uu 4500
001    13399114942
003     ULIB
008    120622s2538||||th 000 0 tha d
020    ^a9742552924
060 04 ^aQT^bร216ก 2538
100 0  ^aรำแพน พรเทพเกษมสันต์
245 10 ^aกายวิภาคศาสตร์และสรีรวิทยาของมนุษย์ =^bHuman antatomy and/^cรำแพน พรเทพเกษมสันต์
246 31 ^aHuman anatomy and physiology
260    ^aกรุงเทพฯ :^bศิลปาบรรณาคาร,^c2538
300    ^a282 หน้า :^bภาพประกอบ
500    ^aSend to Single Search
650  4 ^aกายวิภาคศาสตร์
650  4 ^aสรีรวิทยา
945    ^p0^l0^i3961
945    ^p0^l0^i3969
995    ^aกัณชพร
999 ^a ใช้งานได้ทุกระบบ
รายการนี้ยังไม่มีแท็ก
คุณยังไม่ได้ล็อกอิน คุณสามารถมีกิจกรรมร่วมกับเว็บไซต์ได้ แต่ต้องล็อกอินก่อน ::
  ล็อกอิน

รายการสื่อสารสนเทศ

ลำดับที่ ประเภท เลขเรียก/บาร์โค้ด สถานที่ สถานะ
- ไม่พบข้อมูล -

รายการใกล้เคียง
    ผู้แต่ง [รำแพน พรเทพเกษมสันต์]

    หัวเรื่อง [กายวิภาคศาสตร์]
    หัวเรื่อง [สรีรวิทยา]

BibComment


ยังไม่เคยถูกคอมเมนท์

คอมเมนท์ทรัพยากรรายการนี้
  คอมเมนท์: กายวิภาคศาสตร์แล..


 Copyright 2026. Bcnsprnw @Library